| 000 | 00770nam a22002057a 4500 | ||
|---|---|---|---|
| 003 | JO-AjAnu | ||
| 005 | 20250723112920.0 | ||
| 008 | 250723b jo ||||| |||| 00| 0 ara d | ||
| 040 |
_aJO-AjAnu _bara _cJO-AjAnu _dJO-AjAnu _erda |
||
| 041 |
_aara _hara |
||
| 050 |
_aHA4561.U72 _b2024 |
||
| 110 | 1 |
_aدائرة الاحصاءات العامة _eمؤلف _966635 |
|
| 245 | 0 |
_aالاردن بالارقام 2023 = 2023 Jordan in Figures / _cدائرة الاحصاءات العامة |
|
| 260 |
_aعمان : _bدائرة الاحصاءات العامة، _c2024 |
||
| 300 | _a54 صفحة | ||
| 490 | _3العدد 26 تشرين الاول 2024 | ||
| 504 | _aيحتوي على صور وجداول | ||
| 650 | 7 | 0 |
_aالاردن-احصاءات _966636 |
| 942 |
_2lcc _cBK _n0 |
||
| 999 |
_c33965 _d33965 |
||